00647nam a2200193Ia 4500008004100000020001400041082001800055100002000073245007200093250000800165260004400173300002700217500001900244600002700263650001500290942000700305952012600312999001500438240925s9999 xx 000 0 und d a408007583 a621.38154 NOL aNot - Available 0aJones' Instrument Technology: electrical and radiation measurements a4th aOxford:bButter worth -Heinemanc,2003. axix,304p.b3fOriginal aIncludes Index aElectrical Engineering aTechnology cBK 001040708ELaUITUbUITUd2003-05-20eRoyal Book Company l0o621.38154 NOLpQ5069r2024-09-25 07:13:43w2024-09-25yBK c7568d7568